000 01206nam a2200229 i 4500
001 53369
003 ES-MaACL
005 20230906162743.0
007 t|
008 931025s1890 sp |||| | spa d
110 2 _aSociedad Económica de Amigos del País de Asturias.
_9165754
245 1 0 _aSesión pública celebrada el día 6 de octubre de 1890 con motivo de la apertura del curso académico de 1890 a 1891 de la Escuela Ovetense de Artes y Oficios y distribución de premios a los alumnos más distinguidos de la misma.
260 _aOviedo :
_bSociedad Económica Asturiana de Amigos del País,
_c1890 (
_fEst. Tip. de Vicente Brid)
300 _a28, [4] p. ;
_c25 cm.
505 8 _aContiene: Memoria leída por el vicesecretario de la Sociedad Económica Asturiana de Amigos del País D. Adolfo A. Buylla y G. Alegre . Discurso... por Aureliano Escotet y Díaz-Posada [tema: La cuestión social]
650 4 _aProblemas sociales-
_zEspaña.
_9170568
700 1 _aBuylla y González Alegre, Adolfo A.,
_d1850-1927
_932991
700 1 _aEscotet y Díaz-Posada, Aureliano.
_947622
710 2 _aEscuela de Arte de Oviedo.
_9165755
852 _aES-MaACL
_jT-509-F-6
999 _c53369
_d53369